[Event "EU-Cup 13th Group7"]
[Site "Krynica"]
[Date "1997.09.15"]
[Round "1"]
[White "Svetushkin, Dmitry"]
[Black "Ristic, Nenad"]
[Result "1/2-1/2"]
[WhiteElo "2400"]
[BlackElo "2420"]
[Annotator "Hecht,H"]
[PlyCount "176"]
[EventDate "1997.09.15"]
[EventType "team-k.o."]
[EventRounds "3"]
[EventCountry "POL"]
[SourceTitle "EXT 2020"]
[Source "ChessBase"]
[SourceDate "2019.10.17"]
[SourceVersion "1"]
[SourceVersionDate "2019.10.17"]
[SourceQuality "1"]
[WhiteTeam "Chisinau Rezina-Gaz"]
[BlackTeam "Smederevska Palanka Gosa"]
[WhiteTeamCountry "MDA"]
[BlackTeamCountry "SRB"]

1. e4 c5 2. Nf3 d6 3. Bb5+ Bd7 4. Bxd7+ Nxd7 5. O-O Ngf6 6. Qe2 e6 7. b3 Be7 8.
Bb2 O-O 9. c4 Re8 10. d4 cxd4 11. Nxd4 a6 12. Nc3 Qc7 13. Rac1 Rad8 14. Kh1 Qc5
15. Rfd1 Bf8 16. Nc2 Qc7 17. Ne3 Qb8 18. Ng4 Nxg4 19. Qxg4 b5 20. Qe2 b4 21.
Na4 Qb7 22. Rd3 d5 23. Rg3 g6 24. e5 Nb6 25. Nxb6 Qxb6 26. h4 Bh6 27. c5 Qa5
28. Rc2 Qxa2 29. Rd3 Qa5 30. h5 Rc8 31. Bd4 Rc6 32. Rh3 Bg7 33. hxg6 fxg6 34.
Qg4 Qd8 35. f4 Rf8 36. g3 Rf5 37. Rch2 Rh5 38. Rxh5 gxh5 39. Qxh5 h6 40. Qg6
Kf8 41. f5 Qe8 42. Qxe8+ Kxe8 43. f6 Bf8 44. Be3 a5 45. g4 Rc7 46. Bxh6 Rxc5
47. Bf4 Rc3 48. g5 Rxb3 49. Rh8 Kf7 50. g6+ Kxg6 51. Rxf8 Rf3 52. Rg8+ Kf7 53.
Rg7+ Kf8 54. Rg4 b3 55. Bh6+ Ke8 56. Kg2 Rf5 57. Rg8+ Kf7 58. Rg7+ Ke8 59. Re7+
Kd8 60. Rxe6 Kc7 61. Bc1 d4 62. Bb2 a4 63. Bxd4 a3 64. Rb6 b2 65. Rb3 Kd7 66.
Rb8 Kc7 67. Rb3 Kd7 68. Rb8 Kc7 69. Rb4 Kd7 70. Bc3 Rf4 71. Rb3 Rf5 72. Bd4 Ke6
73. Rb6+ Kd5 74. e6 Kxd4 {# Dramatischer H�hepunkt einer schon zuvor
spannenden Endspielphase. Beiderseits stehen verbundene Freibauern kurz vor
dem Ziel. Die Taktik dominiert. Wer mit Dame+Turm zuerst am Zuge ist, wird bei
beiderseits offenen K�nigsstellung wohl gewinnen....} 75. e7 Rg5+ (75... Rxf6
76. Rxf6 b1=Q 77. e8=Q Qb7+ 78. Kf2 Qb2+ 79. Kg3 Qb3+ 80. Kf4 $18) 76. Kf3 Rf5+
77. Kg4 Rxf6 78. Rxf6 b1=Q 79. e8=Q Qd1+ 80. Kf5 (80. Kg5 Qg1+ 81. Kh6 Qh2+ 82.
Kg7 Qc7+ 83. Kg8 Qc4+ (83... Qg3+ 84. Kf8) 84. Kh8 {und die Schachs sind alle})
80... Qd3+ 81. Kg5 Qd2+ 82. Rf4+ Kc3 83. Qc6+ Kb3 84. Qb5+ Kc3 85. Kf5 $1 Qxf4+
86. Kxf4 a2 87. Qa5+ $4 (87. Qe5+ Kc2 88. Qa1 $18 {Zeitnot?!?}) 87... Kb2 88.
Qb4+ Ka1 1/2-1/2

[Event "Alushta3"]
[Site "Alushta"]
[Date "1994.??.??"]
[Round "2"]
[White "Arkhipov, Sergey"]
[Black "Fish, Gennadij"]
[Result "1-0"]
[WhiteElo "2530"]
[BlackElo "2445"]
[Annotator "Hecht,H"]
[PlyCount "151"]
[EventDate "1994.??.??"]
[EventType "tourn"]
[EventRounds "11"]
[EventCountry "UKR"]
[EventCategory "8"]
[SourceTitle "CBM 041"]
[Source "ChessBase"]
[SourceDate "1994.08.01"]
[SourceVersion "1"]
[SourceVersionDate "1994.08.01"]
[SourceQuality "1"]

1. e4 c5 2. Nf3 d6 3. Bb5+ Bd7 4. Bxd7+ Qxd7 5. O-O Nf6 6. e5 dxe5 7. Nxe5 Qc8
8. d4 e6 9. Nc3 Nc6 10. Be3 Be7 11. Nxc6 Qxc6 12. dxc5 Bxc5 13. Bxc5 Qxc5 14.
Qf3 Qb6 15. Na4 Qb4 16. b3 O-O 17. c4 b5 18. a3 Qa5 19. Nb2 bxc4 20. Nxc4 Qb5
21. Rfd1 Rab8 22. Rd3 Rfd8 23. Rad1 Rd5 24. h3 h6 25. Qg3 Rbd8 26. Rxd5 Rxd5
27. Rc1 a5 28. Qc3 Ne4 29. Qe3 Nc5 30. Nxa5 Nd3 31. Rc8+ Kh7 32. Qe4+ g6 33. b4
Nxf2 34. Kxf2 Qb6+ 35. Ke2 Qg1 36. Nc4 Rf5 37. Nd2 Qf2+ 38. Kd1 Rd5 39. Rc2
Qf1+ 40. Qe1 Qd3 41. a4 Qd4 42. Rc5 Rd7 43. Rb5 Qa1+ 44. Ke2 Qxa4 45. Re5 Qxb4
46. Qc1 Qf4 47. Re3 e5 48. Qc3 Qh2 49. Qc6 Rd4 50. Nf1 Qf4 51. Qf3 Qxf3+ 52.
Kxf3 Rf4+ 53. Ke2 f6 54. Ra3 h5 55. Nd2 Rb4 56. Ke3 h4 57. Ra6 Kg7 58. Ra7+ Kh6
59. Rf7 f5 60. Nf3 Rb3+ 61. Kf2 Rb2+ 62. Kg1 Rb1+ 63. Kh2 e4 64. Nxh4 Rb2 65.
Nxf5+ gxf5 66. Rxf5 Kg6 67. Rf4 Re2 68. Kg3 Kg5 69. h4+ Kh5 70. Rf5+ Kg6 71.
Rf2 Re1 72. Ra2 e3 73. Kf3 Kh5 74. g3 (74. Ra5+ Kxh4 (74... Kg6 75. Re5 Rf1+
76. Kxe3 Rh1 77. g3 Rf1 78. Re4 Kh5 79. Rf4 $18) 75. g3+ Kh3 76. Rh5#) 74...
Rf1+ 75. Kg2 (75. Kxe3 Kg4 76. Rg2 Kh3 77. Rf2 Ra1 {Remis? Analyse!}) 75... Rf5
(75... Re1 76. Ra5+ Kg6 77. Kf3 Kf6 78. Ra3 e2 79. Kf2 $18) 76. Ra6 (76. Ra6
Re5 77. Kh3 Re4 78. g4+ Rxg4 79. Ra5+ $18) 1-0

[Event "Bermuda-A"]
[Site "Bermuda"]
[Date "2002.01.23"]
[Round "3"]
[White "Vescovi, Giovanni P"]
[Black "Lesiege, Alexandre"]
[Result "1-0"]
[WhiteElo "2590"]
[BlackElo "2572"]
[Annotator "Hecht,H"]
[PlyCount "101"]
[EventDate "2002.01.21"]
[EventType "tourn"]
[EventRounds "9"]
[EventCountry "BER"]
[EventCategory "10"]
[SourceTitle "CBM 088"]
[Source "ChessBase"]
[SourceDate "2002.03.21"]
[SourceVersion "1"]
[SourceVersionDate "2002.03.21"]
[SourceQuality "1"]

1. e4 c5 2. Nf3 d6 3. Bb5+ Bd7 4. Bxd7+ Qxd7 5. c4 Nc6 6. Nc3 g6 7. d4 Bg7 8.
d5 Bxc3+ 9. bxc3 Na5 10. Nd2 e5 11. O-O Nf6 12. f4 exf4 13. Rxf4 Nh5 14. Rf2
O-O-O 15. Qf1 f6 16. Nb3 Nxb3 17. axb3 a6 18. b4 Rhe8 19. b5 a5 20. Rxa5 Qg4
21. Bf4 Rxe4 22. Ra8+ Kd7 23. Rxd8+ Kxd8 24. Bxd6 Qg5 25. Re2 Qg4 26. Rxe4 Qxe4
27. Bxc5 {[#] Nicht ausreichendes schwarzes Gegenspiel mit dem wendigen
Springer; die weiße Bauernüberlegenheit entscheidet.} Nf4 28. Kh1 f5 29. Bd4
Kd7 30. Qf3 Qe1+ 31. Bg1 Ne2 32. Qf2 Qd1 33. Qa7 f4 34. Qxb7+ Ke8 35. Qa8+ Kf7
36. Qa7+ Kg8 37. d6 f3 38. d7 fxg2+ 39. Kxg2 Nf4+ 40. Kg3 Nh5+ 41. Kf2 Qd2+ 42.
Kf3 Qd1+ 43. Ke4 Nf6+ 44. Ke5 Nxd7+ 45. Ke6 Nf8+ 46. Ke7 Qe2+ 47. Kd6 Qxc4 48.
Qc5 (48. Qb7 $1 Qf4+ 49. Kc5 Ne6+ 50. Kb6) 48... Qe6+ 49. Kc7 Qf7+ 50. Kc6 Qd7+
51. Kb6 1-0

[Event "Yerevan zt 1.5"]
[Site "Yerevan"]
[Date "2000.06.10"]
[Round "4"]
[White "Sendur, Adnan"]
[Black "Erdogan, Hakan"]
[Result "1-0"]
[WhiteElo "2335"]
[BlackElo "2316"]
[Annotator "Hecht,H"]
[PlyCount "219"]
[EventDate "2000.06.07"]
[EventType "swiss"]
[EventRounds "9"]
[EventCountry "ARM"]
[SourceTitle "CBM 078"]
[Source "ChessBase"]
[SourceDate "2000.10.18"]
[SourceVersion "1"]
[SourceVersionDate "2000.10.18"]
[SourceQuality "1"]

1. e4 c5 2. Nf3 d6 3. Bb5+ Bd7 4. Bxd7+ Qxd7 5. O-O Nf6 6. e5 dxe5 7. Nxe5 Qc7
8. Qe2 e6 9. b3 Bd6 10. Bb2 Nbd7 11. f4 Bxe5 12. fxe5 Nd5 13. Na3 O-O 14. Nb5
Qc6 15. c4 Ne7 16. Rae1 Ng6 17. Qh5 f6 18. exf6 gxf6 19. Qh3 e5 20. Nc3 Rae8
21. Ne4 Qe6 22. Qh5 Nf4 23. Qf3 Re7 24. Kh1 Rg7 25. g3 Ng6 26. Nc3 b6 27. Nd5
Qh3 28. Ne3 Ne7 29. d3 Rg6 30. Ng2 Rg7 31. Nh4 Qe6 32. Bc1 Rc8 33. Bh6 Rf7 34.
Qh5 Kh8 35. Ng2 Rg8 36. Nf4 Qc6+ 37. Kg1 Ng6 38. Nd5 Qe6 39. Rf2 Ngf8 40. Ref1
Rg6 41. Rf5 Qd6 42. Bg5 Kg7 43. Qf3 h6 44. Bh4 Nh7 45. Kh1 Nb8 46. Qe4 Nc6 47.
R5f2 Ne7 48. Nc3 Qc6 49. Nb5 Qxe4+ 50. dxe4 Nc6 51. Nd6 Rf8 52. Nf5+ Kf7 53.
Ne3 Ke6 54. Kg2 Nd4 55. Nd5 Rf7 56. h3 Rf8 57. Kh2 Rf7 58. g4 Ng5 59. Bxg5 hxg5
60. Kg3 Rh6 61. Kg2 Nc6 62. Rd1 Rd7 63. Rdf1 Rf7 64. Rf3 Nd4 65. R3f2 Nc6 66.
a3 Na5 67. Rf3 Nb7 68. Rd1 Nd6 69. Nc3 Rhh7 70. Rdf1 Ne8 71. Nd5 Rh6 72. Rd1
Rd7 73. Rdf1 Kf7 74. Rc1 Rg6 75. b4 Nd6 76. Re3 Ke6 77. Kf3 Rh6 78. Kg2 Kf7 79.
Kf2 Ne8 80. Rf3 Ng7 81. bxc5 bxc5 82. Rb1 Ne6 83. Rb8 Nf4 84. Rfb3 Nxh3+ 85.
Kf1 Kg6 86. Rg8+ Kf7 87. Rbb8 Nf4 88. Rbf8+ Ke6 89. Rc8 Rh1+ 90. Kf2 Rh2+ 91.
Kg3 Rh3+ 92. Kf2 Rh2+ 93. Ke3 Rh3+ 94. Kd2 Rh2+ 95. Kc3 Rh3+ 96. Kc2 Nxd5 97.
exd5+ Kf7 98. Rgf8+ Kg7 99. Rg8+ Kf7 100. Rcf8+ Ke7 101. Re8+ Kd6 102. Re6+ Kc7
103. Rxf6 Rxa3 104. Rxg5 Rh7 105. Rh5 Rxh5 106. gxh5 {[#] Freibauern} Rh3 107.
h6 Kd8 108. Re6 a5 $2 {Verliert sofort wegen des bekannten Umgehungstricks auf
den Reihen 7 und 8. Allerdings war der Verlust auch bei besserer Verteidigung
nicht aufzuhalten:} (108... Kd7 $142 109. Ra6 Kd8 110. Kd2 Ke8 111. Rxa7 Rxh6
112. Rc7 Rh3 113. Rxc5 e4 114. Rc6 Kd7 115. Re6 $18) (108... e4 $142 109. Kd2
Kd7 110. Ra6 Ke8 111. Rxa7 Rxh6 112. Rc7 Kd8 113. Rxc5 Rh3 114. Rc6 $18) 109.
Ra6 $18 a4 (109... Kc8 110. Ra8+ Kb7 111. d6 Kc6 112. d7 Kxd7 113. h7 Rxh7 114.
Ra7+ $18) 110. Ra8+ 1-0

[Event "Chigorin Memorial 07th"]
[Site "St Petersburg"]
[Date "1999.11.08"]
[Round "7"]
[White "Zakharov, Alexander S"]
[Black "Galkin, Alexander"]
[Result "1-0"]
[WhiteElo "2433"]
[BlackElo "2535"]
[Annotator "Hecht,H"]
[PlyCount "145"]
[EventDate "1999.11.02"]
[EventType "swiss"]
[EventRounds "9"]
[EventCountry "RUS"]
[SourceTitle "CBM 074"]
[Source "ChessBase"]
[SourceDate "2000.02.01"]
[SourceVersion "1"]
[SourceVersionDate "2000.02.01"]
[SourceQuality "1"]

1. e4 c5 2. Nf3 d6 3. Bb5+ Bd7 4. Bxd7+ Nxd7 5. O-O Ngf6 6. d3 e6 7. h3 Be7 8.
Bf4 O-O 9. Nbd2 b5 10. a4 a6 11. Qe2 Qb6 12. b3 Qb7 13. Nh2 Nb8 14. Be3 Nc6 15.
g4 Nd7 16. g5 f5 17. f4 Rae8 18. axb5 axb5 19. exf5 exf5 20. Qf3 Qc7 21. c3 Nb6
22. Ra6 d5 23. d4 cxd4 24. Bxd4 Nxd4 25. cxd4 Bd6 26. Kg2 Re7 27. Rf2 Rfe8 28.
Nhf1 Re1 29. Qd3 b4 30. Nf3 Rc1 31. Ne5 Bxe5 32. fxe5 g6 33. Qb5 Re6 34. Qxb4
Qd8 35. Qd2 Rb1 36. Rf3 Qc8 37. Ra2 Rc6 38. Ne3 Rcc1 39. Rc2 Rxc2 40. Qxc2
Qxc2+ 41. Nxc2 Rc1 42. Rf2 Kf7 43. Kf3 Ke6 44. Ke3 Rh1 45. Rf3 Rg1 46. Kf4 Nd7
47. Rc3 Nf8 48. Rc7 Rf1+ 49. Ke3 Rh1 50. Nb4 Rxh3+ 51. Kd2 Rh2+ 52. Ke3 Rh3+
53. Ke2 Rh2+ 54. Ke1 Rh3 55. Nc6 Nd7 56. b4 Rb3 57. Rb7 Rb2 58. b5 f4 59. Nd8+
Ke7 60. Nc6+ Ke6 61. Nd8+ Ke7 62. e6 Kxd8 63. Rxd7+ Ke8 64. Rxd5 {[#] Nach dem
Verschwinden etlicher Bauern entsteht ein Freibauernrennen, das Weiß mit
Mattangriff zu seinen Gunsten entscheidet.} Rb4 65. Rd7 Rxb5 66. d5 Rb3 67.
Rxh7 Re3+ 68. Kf2 Re5 69. Rd7 Rxg5 70. Kf3 Rf5 71. d6 Rf6 72. Re7+ Kf8 (72...
Kd8 73. Ke4 f3 74. Kd5 Rf5+ 75. Kc6 Ra5 76. Rh7 Ra6+ 77. Kc5 Ra5+ 78. Kb6 Rh5
79. Rg7 $18) 73. Rc7 1-0

[Event "RUS-chT 06th"]
[Site "St Petersburg"]
[Date "1999.05.23"]
[Round "8"]
[White "Kotsur, Pavel"]
[Black "Nevostrujev, Vladimir"]
[Result "1-0"]
[WhiteElo "2511"]
[BlackElo "2466"]
[Annotator "Hecht,H"]
[PlyCount "200"]
[EventDate "1999.05.16"]
[EventType "team-tourn"]
[EventRounds "9"]
[EventCountry "RUS"]
[SourceTitle "EXT 2020"]
[Source "ChessBase"]
[SourceDate "2019.10.17"]
[SourceVersion "1"]
[SourceVersionDate "2019.10.17"]
[SourceQuality "1"]
[WhiteTeam "Belorechensk Khimik"]
[BlackTeam "Novokuznetsk"]
[WhiteTeamCountry "RUS"]
[BlackTeamCountry "RUS"]

1. e4 c5 2. Nf3 d6 3. Bb5+ Bd7 4. Bxd7+ Qxd7 5. c4 Nc6 6. Nc3 Nf6 7. d4 cxd4 8.
Nxd4 e6 9. O-O Be7 10. Be3 O-O 11. Qe2 Rfc8 12. b3 a6 13. Rfd1 b6 14. a4 Qb7
15. f3 Nd7 16. Qd2 Nc5 17. Rab1 Bf6 18. Nde2 Rd8 19. Kh1 Rac8 20. Bg1 Na5 21.
Qa2 Nc6 22. Qd2 Na5 23. Qc2 Nc6 24. Qc1 Nb4 25. Qd2 Be7 26. Bd4 Nc6 27. Be3 Na5
28. Nc1 h6 29. Qc2 Bf6 30. N1a2 Nc6 31. b4 Nd7 32. c5 dxc5 33. bxc5 Nce5 34.
cxb6 Nc4 35. Qe2 a5 36. Nb5 Nxe3 37. Nd6 Qb8 38. Qxe3 Rc6 39. Nb5 Nxb6 40. Qe1
Rxd1 41. Rxd1 Nxa4 42. Qxa5 Rc5 43. Qxa4 Rxb5 44. Nc1 Rh5 45. h3 Qg3 46. Nd3 e5
47. Qd7 Kh7 48. Ra1 Rg5 49. Ra2 Kg6 50. Re2 h5 51. Ra2 Qh4 52. Ra7 Kh7 53. Qxf7
Qg3 54. Ra2 Rg6 55. Re2 Qg5 56. Qd7 Be7 57. Qf5 Bd6 58. Qxg5 Rxg5 {[#]
Strategische Gegebenheiten: Bauern auf einem Flügel, schlechter Läufer Themen:
a) Belagerung der schwarzen Bauernschwächen, b) Turmeinkreisung, c) T+S+B - T+B
} 59. Ra2 Rg6 60. Ra6 Rf6 61. Kg1 h4 62. Kf1 Rg6 63. Ra5 Bc7 64. Rc5 Bd6 65.
Rb5 Re6 66. Nf2 Bc7 67. Ng4 Ra6 68. Rd5 Ra2 69. Nxe5 Ra1+ 70. Ke2 Ra2+ 71. Ke3
Rxg2 72. Ng4 Rg3 73. Rh5+ Kg6 74. Rxh4 Kg5 75. Rh8 Bb6+ 76. Ke2 Rg2+ 77. Kd3
Bc5 78. Rc8 Ba3 79. Ke3 Rg3 {[#] Die Einkreisung des schwarzen Turms beginnt.}
80. h4+ $1 Kxh4 81. Kf2 Bd6 (81... Rxg4 82. fxg4 Kxg4 83. Ke3 g5 {sollte für
Weiß gewonnen sein, erfordert allerdings einige Sorgfalt. Idee: Tc7 nebst Tf7
mit Absperren des schwarzen Königs, während der weiße in der Nähe des g-Bauern
bleibt. Analyse!}) 82. Rh8+ (82. e5 $6 Rxg4 83. fxg4 Bxe5 84. Kf3 g6 $14) 82...
Kg5 83. Ne3 {[%cal Re3f5,Re3f1]} Kf4 84. Nd5+ Kg5 85. Ne3 Kf4 86. Ng2+ $1 Kg5
87. Rd8 Be5 88. Rd5 Kf6 89. f4 {Viel einfacher war:} (89. Rxe5 $1 Rxg2+ 90.
Kxg2 Kxe5 91. Kg3 $18) 89... Bxf4 (89... Rxg2+ 90. Kxg2 Bxf4 91. Rf5+ $18) 90.
Nxf4 Ra3 91. Nd3 g5 92. Kf3 Rb3 93. Kg4 Ra3 94. Rd6+ Ke7 95. e5 Ra5 96. Rd4 (
96. Kxg5 $2 Rxe5+ $11) 96... Ra1 97. Kxg5 Rf1 98. Nf4 Ra1 99. Kf5 Rf1 100. Rb4
Ke8 1-0

[Event "Akureyri"]
[Site "Akureyri"]
[Date "1994.??.??"]
[Round "?"]
[White "Thorhallsson, Throstur"]
[Black "Jonsson, Bjorgvin"]
[Result "1-0"]
[WhiteElo "2470"]
[BlackElo "2380"]
[Annotator "Horvath,Ta"]
[PlyCount "105"]
[EventDate "1994.02.??"]
[EventType "tourn"]
[EventRounds "11"]
[EventCountry "ISL"]
[EventCategory "10"]
[SourceTitle "CBM 040"]
[Source "ChessBase"]
[SourceDate "1994.06.01"]
[SourceVersion "1"]
[SourceVersionDate "1994.06.01"]
[SourceQuality "1"]

1. e4 c5 2. Nf3 d6 3. Bb5+ Bd7 4. Bxd7+ Nxd7 5. O-O Ngf6 6. Re1 e6 (6... g6 7.
c3 Bg7 8. d4 cxd4 9. cxd4 O-O $10 {Peresipkin-Karasew/UdSSR/1976}) 7. d4 cxd4
8. Nxd4 a6 9. c4 Be7 10. b3 O-O 11. Bb2 Qb6 $6 (11... Qc7 12. Nc3 Rfe8 13. Rc1
Rac8 $13) 12. Nc3 Rfd8 13. Qd2 Rac8 14. Rad1 Ne5 15. Qe2 Nfd7 $2 16. Nf5 $1 Bf8
17. Ne3 Qa5 18. f4 Ng6 19. Rf1 Be7 20. Rf3 b5 $2 21. cxb5 Rxc3 22. Qd2 Rdc8 23.
Bxc3 Qxc3 24. Qxc3 Rxc3 25. Nd5 $1 $18 Rc8 26. Nxe7+ Nxe7 27. Rxd6 Nf8 28. bxa6
f5 29. a7 (29. b4 $1 fxe4 30. Ra3) 29... Ra8 30. Ra6 fxe4 31. Rc3 Nd5 32. Rc4
Nd7 33. b4 e3 34. a4 g5 35. a5 gxf4 36. b5 Ne5 37. Re4 Nd3 38. Rexe6 Nc5 39.
Re8+ Rxe8 40. a8=Q Rxa8 41. Rxa8+ Kf7 42. Rc8 Ne4 43. Kf1 Nd2+ 44. Ke2 Nb3 45.
b6 Nd4+ 46. Kd3 e2 47. Rc1 Ne3 48. b7 Nd1 49. b8=Q e1=Q 50. Rc7+ Kf6 51. Qf8+
Ke5 52. Re7+ Ne6 53. Rxe6+ 1-0

[Event "Ciocaltea Memorial"]
[Site "Bucharest"]
[Date "1994.??.??"]
[Round "1"]
[White "Nevednichy, Vladislav"]
[Black "Marin, Mihail"]
[Result "1-0"]
[WhiteElo "2480"]
[BlackElo "2530"]
[Annotator "Horvath,Ta"]
[PlyCount "60"]
[EventDate "1994.02.??"]
[EventType "tourn"]
[EventRounds "13"]
[EventCountry "ROU"]
[EventCategory "9"]
[SourceTitle "CBM 040"]
[Source "ChessBase"]
[SourceDate "1994.06.01"]
[SourceVersion "1"]
[SourceVersionDate "1994.06.01"]
[SourceQuality "1"]

1. e4 c5 2. Nf3 d6 3. Bb5+ Bd7 4. Bxd7+ Qxd7 5. c4 Nc6 (5... Qg4 $6 6. O-O Qxe4
7. d4 $36) 6. Nc3 Nf6 (6... e5 7. d3 g6 8. Nd5 Bg7 9. O-O Nge7 10. Bd2 {
Bd2/\ Rb1;b4+/=}) 7. O-O $1 (7. d4 cxd4 8. Nxd4 Qg4 $5 9. O-O Qxd1 $10) 7... e6
8. d4 cxd4 9. Nxd4 Be7 10. Be3 O-O 11. Qe2 Rac8 (11... Rfc8 $5 12. Rad1 Rab8 {
/\Nxd4;a6;b5}) 12. Rad1 b6 13. f4 a6 14. b3 Qb7 15. Kh1 Rfe8 16. Nxc6 Qxc6 17.
Bd4 Nd7 18. Rd3 Bf8 19. Rh3 $1 g6 20. Qf2 Bg7 21. Bxg7 Kxg7 22. f5 $1 Qc5 23.
Qf4 h5 24. fxe6 Ne5 25. e7 $1 b5 26. Nd5 bxc4 27. Rxh5 $1 gxh5 28. Qg5+ Ng6 29.
Rxf7+ $1 Kxf7 30. Qf6+ Kg8 1-0

[Event "Budapest FS08 GM"]
[Site "Budapest"]
[Date "1994.??.??"]
[Round "9"]
[White "Pavasovic, Dusko"]
[Black "Stanojevic, Branko"]
[Result "1-0"]
[WhiteElo "2425"]
[BlackElo "2340"]
[Annotator "Horvath,Ta"]
[PlyCount "47"]
[EventDate "1994.08.??"]
[EventType "tourn"]
[EventRounds "11"]
[EventCountry "HUN"]
[EventCategory "7"]
[SourceTitle "CBM 043 Extra"]
[Source "ChessBase"]
[SourceDate "1995.01.01"]
[SourceVersion "1"]
[SourceVersionDate "1995.01.01"]
[SourceQuality "1"]

1. e4 e6 2. Nf3 c5 3. b3 d6 (3... a6 $5 4. Bb2 Nc6 5. Be2 Nf6 6. e5 Nd5 7. O-O
Be7 (7... b6 8. Nc3 Nf4 9. Re1 Bb7 10. Bf1 d6 $13 {Rosentalis-Sokolov,A/UdSSR/
1990}) 8. Nc3 Nf4 9. Ne4 Qc7 10. Re1 O-O 11. Bf1 Ng6 $1 $15 {Short-Portisch,L/
London/1982}) 4. Bb5+ Bd7 5. Bxd7+ Nxd7 6. O-O Ngf6 7. Qe2 Qc7 8. d4 cxd4 9.
Nxd4 Rc8 10. c4 a6 11. Bb2 Be7 12. Nc3 O-O 13. Kh1 Rfe8 14. f4 Bf8 15. Nf3 Red8
$2 (15... g6 $142) 16. e5 Ne8 (16... Nh5 17. Ng5 g6 18. f5 $1 $18) 17. Ng5 g6 (
17... dxe5 18. fxe5 Nxe5 (18... Qxe5 19. Nxf7 $18) 19. Nb5 axb5 20. Bxe5 $18)
18. f5 $1 Nxe5 19. fxe6 f6 20. Nf7 Nxf7 21. Nd5 Qc5 22. exf7+ Kxf7 23. Nxf6
Nxf6 24. Rxf6+ 1-0

[Event "Candidates FIDE sf2"]
[Site "Sanghi Nagar"]
[Date "1994.??.??"]
[Round "3"]
[White "Kramnik, Vladimir"]
[Black "Gelfand, Boris"]
[Result "1-0"]
[WhiteElo "2710"]
[BlackElo "2685"]
[Annotator "Horvath,Ta"]
[PlyCount "69"]
[EventDate "1994.07.??"]
[EventType "match"]
[EventRounds "8"]
[EventCountry "IND"]
[SourceTitle "CBM 042"]
[Source "ChessBase"]
[SourceDate "1994.10.01"]
[SourceVersion "1"]
[SourceVersionDate "1994.10.01"]
[SourceQuality "1"]

1. e4 {Ftacnik} c5 2. Nf3 d6 3. Bb5+ Bd7 4. Bxd7+ Qxd7 5. c4 Nf6 (5... e5 6.
Nc3 Nc6 7. d3 g6 8. Nd5 Nce7 9. O-O Bg7 10. Rb1 $1 $14 {/\b4 Keres-Panno/
Petropolis/1973}) 6. Nc3 Nc6 (6... Qg4 $2 7. O-O Nxe4 8. Qb3 $1 b6 9. h3 Qf5
10. Qa4+ Kd8 (10... Nd7 $2 11. Qc6 $18) 11. Nd5 Nd7 12. d3 Nef6 13. Ng5 Qg6 14.
Nf4 $18) 7. O-O g6 8. d4 cxd4 9. Nxd4 Bg7 10. Nde2 $5 (10. Be3 O-O 11. f3 Rac8
12. b3 e6 $13) 10... O-O 11. f3 a6 12. a4 (12. Be3 {Ftacnik} Ne5 13. b3 b5 14.
Nd5 Qb7 15. Nb6 Rab8 16. cxb5 axb5 17. Nc3 b4 18. Nca4 Rfd8 19. Qe2 d5 20. exd5
Nxd5 21. Nxd5 Rxd5 22. Rad1 Rbd8 23. Nb6 R5d6 24. Nc4 {Tseitlin,Ma-Lerner,K/St.
Petersburg/1992/0.5 (44)}) (12. Bg5 {Ftacnik} Ne5 13. b3 b5 14. cxb5 axb5 15.
a4 bxa4 16. Rxa4 Rab8 17. b4 Rfc8 18. b5 Nc4 19. Qb3 Qc7 20. Rc1 Qc5+ 21. Kh1
Qxg5 22. Rxc4 Nd7 23. Nd5 Nc5 24. Qb1 {Kubala,P-Dumitrescu,D/Szombathely
EUchJM-U16 (5)/1993/1-0 (41)}) 12... Rfc8 (12... Qd8 {Ftacnik Kramnik,
V-Gelfand,B (7)/FIDE-cm2 Sanghi Nagar/1994/}) 13. b3 Qd8 (13... Na7 $6 14. Be3
$2 (14. a5 $16) 14... b5) 14. Kh1 Nd7 15. Bg5 Qa5 16. Qd2 Nc5 17. Rab1 e6 (
17... Rab8 {Ftacnik} 18. b4 Nxb4 19. Nd5 Nc6 20. Qxa5 Nxa5 21. Nxe7+ $18) 18.
Rfd1 (18. Qxd6 Rd8 $5 (18... Nxb3 19. Rxb3 Qxg5 20. Rxb7 Na5 21. Rc7 Nxc4 22.
Rxc8+ Rxc8 23. Qxa6 Qc5 $44) (18... f6 {Ftacnik} 19. Be3 Bf8 20. Qd2 Rd8 21.
Qc2 Nb4 $44) (18... Nxa4 {Ftacnik} 19. Nxa4 Qxg5 20. Nb6 Rd8) 19. Bxd8 Rxd8 20.
b4 Nxb4 21. Qg3 Nbd3 22. Nd1 Qd2 $44) 18... Rab8 19. Bh4 Qb6 20. Qxd6 Be5 (
20... Rd8 {Ftacnik} 21. Bxd8 (21. Qg3 Rxd1+ 22. Nxd1 Nxa4 $13) 21... Rxd8 22.
Qg3 Nd3 23. Rf1 (23. Nd5 Rxd5 24. exd5 Nf2+ 25. Qxf2 Qxf2 26. dxc6 bxc6 (26...
Qxe2 $2 27. c7 $18) 27. Ng3 Be5 $13) 23... Qb4 $132) 21. Qd2 Nxb3 22. Qb2 Nca5
23. Nd5 $3 exd5 (23... Bxb2 24. Nxb6 Nxc4 (24... Bg7 {Ftacnik} 25. Bg3 $16) (
24... Rc6 25. Nd7 $18) 25. Nxc8 Rxc8 26. Rd7 $16) 24. Qxe5 Nxc4 (24... dxc4 25.
Nc3 {/\Nd5}) 25. Qxd5 Qe3 (25... Ne3 26. Qd3 $1 Nxd1 27. Qxd1 $18 (27. Qxd1 {
Ftacnik} Qc6 $1 28. Qxb3 Qc2 $132)) 26. Re1 Nbd2 (26... Ncd2 {Ftacnik} 27. Nc1
Qc3 28. Nxb3 $16) (26... Nba5 {Ftacnik} 27. Nd4 Qa3 28. Bg3 $16) 27. Rxb7 Rxb7
28. Qxb7 Re8 29. Qd7 Rb8 30. Bg3 Nxf3 (30... Rf8 31. Nf4 $1 (31. Bf4 Qb6 32.
Bxd2 Rd8 (32... Rd8 {Ftacnik} 33. a5 Rxd7 34. axb6 Rxd2 35. b7 $18)) 31... Qc5
32. Nd5 {/\Bh6}) 31. Bxb8 Qxe4 (31... Qf2 {Ftacnik} 32. Bg3) (31... Nxe1 {
Ftacnik} 32. Qc8+ Kg7 33. Qxc4 Nd3 34. Qd4+ Qxd4 35. Nxd4 $18) 32. gxf3 Qxf3+
33. Kg1 Qe3+ (33... Ne3 {Ftacnik} 34. Qe8+ Kg7 35. Be5+ $18) 34. Kg2 Qe4+ 35.
Kh3 1-0

[Event "USA-ch"]
[Site "Parsippany"]
[Date "1996.??.??"]
[Round "11"]
[White "Shaked, Tal"]
[Black "Kaidanov, Gregory S"]
[Result "0-1"]
[WhiteElo "2440"]
[BlackElo "2580"]
[Annotator "Horvath,Ta"]
[PlyCount "58"]
[EventDate "1996.07.13"]
[EventType "tourn"]
[EventRounds "13"]
[EventCountry "USA"]
[EventCategory "12"]
[SourceTitle "CBM 055"]
[Source "ChessBase"]
[SourceDate "1996.12.01"]
[SourceVersion "1"]
[SourceVersionDate "1996.12.01"]
[SourceQuality "1"]

1. e4 c5 2. Nf3 d6 3. Bb5+ Bd7 4. Bxd7+ Qxd7 5. c4 e5 6. Nc3 g6 7. O-O Bg7 8.
Rb1 Nc6 9. d3 Nge7 10. Bd2 O-O 11. Nd5 (11. a3 h6 12. b4 b6 13. bxc5 dxc5 14.
Nd5 f5 $13) 11... Nxd5 12. cxd5 Nd4 13. b4 f5 14. bxc5 dxc5 15. Nxd4 exd4 $6 {
Spielt auf gewinn,gibt aber das Zentrum auf.} (15... cxd4 $10) 16. Qb3 b6 17.
f4 fxe4 18. dxe4 Rac8 19. Qc4 Kh8 20. a4 g5 21. e5 $1 gxf4 22. e6 $2 (22. Bxf4
$1 Rxf4 $6 (22... Rfe8) (22... Rce8 23. Rbe1 $16) 23. Rxf4 Bxe5 24. Rf3 Rd8 25.
Rbf1 $16) 22... Qd6 23. Rbe1 Rce8 24. a5 b5 25. Qxb5 Qxd5 26. e7 Rg8 27. a6 Be5
28. Qb7 Rxg2+ 29. Kh1 Rg1+ 0-1